• 首页
  • 本馆介绍
  • 公告通知
  • 最新文献
  • 馆藏检索
  • 电子资源
  • 读者导购
  • 参考咨询
  • 我的图书馆
  • 登录
  • 详细信息显示
  • 放入我的书架
  • 预约/预借图书
  • 作者相关作品
  • 分类相关作品
  • 丛书相关作品
  • 出版社相关作品

书目信息

  • 表格格式
  • 工作单格式
  • 卡片格式
题名:
中华人民共和国行政复议法 行政诉讼法一本通
    
 
作者: ;法规应用研究中心 编
分册:  
出版信息: 北京   中国法制出版社  2018
页数: 302页
开本: 21cm
丛书名: 法律一本通丛书
单 册:
中图分类: D925.304
科图分类:
主题词: 行政复议--xing zheng fu yi--法律--基本知识--中国 , 行政诉讼法--xing zheng su song fa--基本知识--中国
电子资源:
ISBN: 978-7-5093-8170-0
000 01142nam 2200289 450
001 012001005888
005 20191023092411.89
010    @a978-7-5093-8170-0@dCNY29.00
099    @aCAL 012018042850
100    @a20180227d2018 em y0chiy50 ea
101 0  @achi
102    @aCN@b110000
105    @ay n 000yy
106    @ar
200 1  @a中华人民共和国行政复议法 行政诉讼法一本通@Azhong hua ren min gong he guo xing zheng fu yi fa xing zheng su song fa yi ben tong@f法规应用研究中心编
205    @a第6版
210    @a北京@c中国法制出版社@d2018
215    @a302页@d21cm
225 2  @a法律一本通丛书@AFa Lv Yi Ben Tong Cong Shu@v20
330    @a本书以中华人民共和国行政复议法以及行政诉讼法的条文为序号,逐条穿插关联的法律、行政法规、部门规章、司法解释、请示答复和部分地方规范性文件。
410  0 @12001 @a法律一本通丛书@v20
606 0  @a行政复议@Axing zheng fu yi@x法律@x基本知识@y中国
606 0  @a行政诉讼法@Axing zheng su song fa@x基本知识@y中国
690    @aD925.304@v5
711 02 @a法规应用研究中心@Afa gui ying yong yan jiu zhong xin@4编
801  0 @aCN@b上海新华@c20191020
905    @b1097939-42@dD925.304@e932=6@f4
    
    中华人民共和国行政复议法 行政诉讼法一本通/法规应用研究中心编.-第6版.-北京:中国法制出版社,2018
    302页;21cm.-(法律一本通丛书;20)
    
    
    ISBN 978-7-5093-8170-0:CNY29.00
    本书以中华人民共和国行政复议法以及行政诉讼法的条文为序号,逐条穿插关联的法律、行政法规、部门规章、司法解释、请示答复和部分地方规范性文件。
●
相关链接 在E读中查询图书 在五车中查询图书 在当当中查询图书 在豆瓣中查询图书


正题名:中华人民共和国行政复议法 行政诉讼法一本通     索取号:D925.304/932=6         预约/预借

序号 登录号 条形码 馆藏地/架位号 状态 备注
1 1097939   210979397   第一样本阅览室/ [索取号:D925.304/932=6] 在馆    
2 1097940   210979404   第一借阅区/ [索取号:D925.304/932=6] 在馆    
3 1097941   210979413   第一借阅区/ [索取号:D925.304/932=6] 在馆    
4 1097942   210979422   第一借阅区/ [索取号:D925.304/932=6] 在馆    
唐山师范学院图书馆 欢迎您!
大连网信软件有限公司© 版权所有